Les frontieres de l'exteriorite: journal de recherche

محفوظ في:
التفاصيل البيبلوغرافية
المؤلف الرئيسي: Picarel, Gilles (مؤلف)
التنسيق: كتاب
اللغة:الفرنسية
منشور في: París L'Harmattan 2015
الطبعة:1a. ed
الموضوعات:
الوسوم: إضافة وسم
لا توجد وسوم, كن أول من يضع وسما على هذه التسجيلة!

MARC

LEADER 00000cam a2200000 a 4500
001 UCD0202
003 CL-VaPUC
008 151120e20150000fr |||||||||||||||||fre|d
020 |a 9782343055428 
082 0 4 |a 770.9  |b PIC  |2 21 
100 0 |a Picarel, Gilles  |e author  |9 583234 
245 1 4 |a Les frontieres de l'exteriorite: journal de recherche 
250 |a 1a. ed 
300 |a 100 p 
942 |c BK 
945 |d 20151120 13:39:00  |a dcastane 
260 |a París  |b L'Harmattan  |c 2015 
650 0 |a Fotografías artísticas  |9 535989 
650 7 |a HOMOSEXUALES  |2 CL-VaPUC  |9 570040 
583 |a last modification  |c 20151120 13:39:00  |k Rodrigo Vera 
999 |c 361815  |d 361813 
952 |0 0  |1 0  |3 erb  |4 0  |6 770_900000000000000_PIC_2015  |7 0  |8 A  |9 472529  |a BIBART  |b BIBART  |i 5250854  |o 770.9 PIC 2015  |p 5250854  |r 2025-03-13  |w 2019-11-24  |y BK  |z Catalogado en:20151120  |k ART